Das Bankgeschäft und seine Technik unter Berücksichtigung der gesetzlichen Bestimmungen
Enregistré dans:
| Format: | Livre |
|---|---|
| Langue: | allemand |
| Publié: |
Frankfurt
Sauerländer
1912
|
| Tags: |
Pas de tags, Soyez le premier à ajouter un tag!
|
MARC
| LEADER | 00000nam a2200000 4500 | ||
|---|---|---|---|
| 001 | 0303123 | ||
| 005 | 20240719101653.9 | ||
| 041 | 0 | |a ger | |
| 044 | |a DE | ||
| 245 | 1 | 0 | |a Das Bankgeschäft und seine Technik |b unter Berücksichtigung der gesetzlichen Bestimmungen |c Friedrich Leitner |
| 264 | 1 | |a Frankfurt |b Sauerländer |c 1912 | |